| 000 | 00414nam a22001697a 4500 | ||
|---|---|---|---|
| 003 | CEME | ||
| 005 | 20210628202924.0 | ||
| 008 | 210119b xxu||||| |||| 00| 0 eng d | ||
| 040 | _cceme | ||
| 082 | _a808.4 WIL | ||
| 100 |
_aWill, Durant, Ariel _962315 |
||
| 245 | _aThe lessons of history | ||
| 260 |
_aNEW YORK _bPAF BOOK CLUB _c1988 |
||
| 300 | _a80P | ||
| 650 |
_aHISTORY LESSONS _962316 |
||
| 942 |
_cBK _2ddc |
||
| 999 |
_c571457 _d571457 |
||